000 00863nac a22002417a 4500
001 BR7375908
003 BR-BrBNA
005 20240105113736.0
008 230509b bl.|||m| |||| 00| 0 por d
040 _aBR-BrBNA
_bpor
_cBiblioteca Nacional de Agricultura
072 _aH10; H20
090 _a0800 BR7375908
110 1 _aEscola de Agronomia e Veterinaria Eliseu Maciel, Pelotas, RS (Brasil)
_94299
245 1 _aPragas e molestias das plantas herbaceas [Curcubitaceas; Cruciferas; Gramineas herbaceas; Bulbosas; Leguminosas]
260 3 _aPelotas, RS (Brasil):
_c1934.
300 _a18 p.
490 _aBoletim - Escola de Agronomia e Veterinaria Eliseu Maciel (Brazil)
_vno. 14
_x
650 _aPLANTA HERBACEA
650 _aPRAGA DE PLANTA
650 _aDOENCA DE PLANTA
909 _a202312
_bLúcia Elande
_c55
_dLúcia Elande
942 _2AGRIS
_n0
_cMS
999 _c265297
_d265297